000 00395nam a22001577a 4500
005 20251108171117.0
008 250721s9999 xx 000 0 ara d
082 1 4 _aق/توم
100 1 _aخوري، توما
245 1 0 _aوصيفهن شتاء /
264 _bدار المفيد،
_c[19-].
300 _a138ص
650 1 7 _aالأدب العربي
942 _2ddc
_cBK
999 _c56886
_d56886